[Event "FRA-chT Top 16 GpB"]
[Site "Belfort"]
[Date "2025.05.28"]
[Round "7.8"]
[White "Guichard, Pauline"]
[Black "Cornileau, Juliette"]
[Result "1-0"]
[WhiteElo "2324"]
[BlackElo "2076"]
[PlyCount "79"]
[EventDate "2025.05.22"]
[EventType "team-tourn"]
[EventRounds "7"]
[EventCountry "FRA"]
[SourceTitle "CB22_2025"]
[SourceDate "2025.05.28"]
[SourceVersion "1"]
[SourceVersionDate "2025.05.28"]
[SourceQuality "1"]
[WhiteTeam "Asnieres"]
[BlackTeam "Marseille"]
[WhiteTeamCountry "FRA"]
[BlackTeamCountry "FRA"]

1. d4 Nf6 2. c4 c5 3. d5 b5 4. cxb5 a6 5. bxa6 g6 6. Nc3 Bg7 7. e4 d6 8. a7 Rxa7 9. Be2 0-0 10. Nf3 e6 11. 0-0 exd5 12. exd5 Na6 13. h3 Re7 14. Bc4 Bb7 15. Qb3 Qa8 16. Bf4 Rd8 17. Rfe1 Rxe1+ 18. Rxe1 Nc7 19. Re7 Ncxd5 20. Rxb7 Nxf4 21. Bxf7+ Kh8 22. Qb6 Rf8 23. Qc7 Qd8 24. Qxd8 Rxd8 25. g3 Nd3 26. Bc4 Nxb2 27. Ng5 Nxc4 28. Nf7+ Kg8 29. Nxd8 Ne8 30. Nd5 Na5 31. Ra7 Nc4 32. Ne6 Bf6 33. a4 Ne5 34. a5 c4 35. a6 Nc6 36. Nxf6+ Nxf6 37. Rg7+ Kh8 38. Rc7 Na7 39. Rxa7 c3 40. Ra8+ 1-0

[Event "FRA-chT Top 12 (Women) GpB"]
[Site "Paris"]
[Date "2025.05.11"]
[Round "5.10"]
[White "Vega Gutierrez, Sabrina Neide"]
[Black "Guichard, Pauline"]
[Result "1/2-1/2"]
[WhiteElo "2382"]
[BlackElo "2324"]
[PlyCount "110"]
[EventDate "2025.05.08"]
[EventType "team-tourn"]
[EventRounds "5"]
[EventCountry "FRA"]
[SourceTitle "CB20_2025"]
[SourceDate "2025.05.14"]
[SourceVersion "1"]
[SourceVersionDate "2025.05.14"]
[SourceQuality "1"]
[WhiteTeam "Mulhouse Philidor (W)"]
[BlackTeam "Asnieres (W)"]
[WhiteTeamCountry "FRA"]
[BlackTeamCountry "FRA"]

1. e4 e5 2. Nf3 Nc6 3. d4 exd4 4. Nxd4 Nf6 5. Nxc6 bxc6 6. e5 Qe7 7. Qe2 Nd5 8. g3 g6 9. c4 Ba6 10. b3 Bg7 11. Bb2 0-0 12. Bg2 Rae8 13. 0-0 Bxe5 14. Qxe5 Qxe5 15. Bxe5 Rxe5 16. cxd5 Bxf1 17. Kxf1 cxd5 18. Na3 c6 19. Rd1 a5 20. Nc2 Ra8 21. Rd4 Kf8 22. Ra4 Ke7 23. Bf3 Kd6 24. b4 Ree8 25. bxa5 Reb8 26. Ne3 Rb1+ 27. Kg2 Rb2 28. g4 Kc5 29. Bd1 Rd2 30. Bb3 Rd4 31. Ra3 Kb5 32. Bd1 Rxa5 33. Be2+ Kb6 34. Rb3+ Kc7 35. a3 Rd2 36. Bd3 Ra2 37. Nc2 c5 38. Ne3 R5xa3 39. Nxd5+ Kd6 40. Rxa3 Rxa3 41. Bc4 f5 42. gxf5 gxf5 43. f4 h5 44. Kf2 h4 45. Ne3 Kc6 46. Nxf5 Rh3 47. Bf1 Rc3 48. Ne3 d5 49. Bg2 Rd3 50. Ke2 Rd4 51. f5 Kd6 52. f6 Ke6 53. Nxd5 Rxd5 54. Bxd5+ Kxf6 55. Kf3 Ke5 1/2-1/2

[Event "FRA-chT Top 12 (Women) GpB"]
[Site "Paris"]
[Date "2025.05.10"]
[Round "3.10"]
[White "Guichard, Pauline"]
[Black "Delorme, Laurie"]
[Result "1-0"]
[WhiteElo "2324"]
[BlackElo "2070"]
[PlyCount "73"]
[EventDate "2025.05.08"]
[EventType "team-tourn"]
[EventRounds "5"]
[EventCountry "FRA"]
[SourceTitle "CB20_2025"]
[SourceDate "2025.05.14"]
[SourceVersion "1"]
[SourceVersionDate "2025.05.14"]
[SourceQuality "1"]
[WhiteTeam "Asnieres (W)"]
[BlackTeam "Marseille (W)"]
[WhiteTeamCountry "FRA"]
[BlackTeamCountry "FRA"]

1. d4 d5 2. c4 e6 3. Nc3 Nf6 4. cxd5 exd5 5. Bg5 c6 6. e3 h6 7. Bh4 Be7 8. Bd3 0-0 9. Nge2 Ne8 10. Bg3 Nd6 11. Qc2 Re8 12. 0-0 Bf8 13. b4 Nd7 14. b5 Nb6 15. a4 Nbc4 16. Bf4 Bd7 17. Ng3 Qf6 18. Qe2 g6 19. Rfc1 Na5 20. Rab1 h5 21. h3 h4 22. Nf1 Ndc4 23. Nh2 Na3 24. Rb2 N3c4 25. Ra2 Nb3 26. Rb1 Nxd4 27. Qd1 Ne6 28. Ne4 dxe4 29. Bxc4 Nxf4 30. Qxd7 Re7 31. Qd1 Nd3 32. Rd2 Nc5 33. Rd6 Qf5 34. bxc6 bxc6 35. Rxc6 Rd7 36. Qg4 Rad8 37. Rxg6+ 1-0

[Event "Asnieres sur Seine Trophy Dalkia"]
[Site "Asnieres sur Seine"]
[Date "2025.04.19"]
[Round "2"]
[White "Grieve, Harry"]
[Black "Guichard, Pauline"]
[Result "1-0"]
[WhiteElo "2472"]
[BlackElo "2355"]
[PlyCount "51"]
[EventDate "2025.04.18"]
[EventType "tourn"]
[EventRounds "9"]
[EventCountry "FRA"]
[EventCategory "9"]
[SourceTitle "CB18_2025"]
[SourceDate "2025.04.30"]
[SourceVersion "1"]
[SourceVersionDate "2025.04.30"]
[SourceQuality "1"]

1. e4 e5 2. Nf3 Nc6 3. Bc4 Nf6 4. Ng5 d5 5. exd5 Na5 6. Bb5+ c6 7. dxc6 bxc6 8. Bd3 Nd5 9. Nf3 Bd6 10. 0-0 Nf4 11. Nc3 Nxd3 12. cxd3 0-0 13. Ne4 Bc7 14. Qc2 c5 15. Qxc5 Bb7 16. b4 Nc6 17. Bb2 Qxd3 18. Rfe1 Rac8 19. b5 Bb6 20. Qa3 Nb4 21. Qxb4 Rc4 22. Qd6 Bxe4 23. Qxd3 Bxd3 24. Nxe5 Rc2 25. Nxd3 Rd8 26. Bc3 1-0

[Event "EU-ch (Women) 25th"]
[Site "Rhodes"]
[Date "2025.04.09"]
[Round "9"]
[White "Piddubna, Bozhena"]
[Black "Guichard, Pauline"]
[Result "0-1"]
[WhiteElo "2134"]
[BlackElo "2355"]
[PlyCount "126"]
[EventDate "2025.03.31"]
[EventType "swiss"]
[EventRounds "11"]
[EventCountry "GRE"]
[SourceTitle "CB16_2025"]
[SourceDate "2025.04.16"]
[SourceVersion "1"]
[SourceVersionDate "2025.04.16"]
[SourceQuality "1"]

1. d4 Nf6 2. c4 e6 3. Nc3 Bb4 4. e3 0-0 5. Bd2 Re8 6. Nf3 Nc6 7. Bd3 e5 8. dxe5 Ng4 9. Qc2 h6 10. e6 dxe6 11. h3 Nge5 12. Nxe5 Nxe5 13. Be2 Qh4 14. g3 Qe7 15. a3 Bd6 16. Ne4 b6 17. f4 Ng6 18. Bf3 Rb8 19. Nxd6 cxd6 20. 0-0 Bb7 21. e4 Rbc8 22. Qd3 Qc7 23. Rac1 Ba6 24. b3 Ne7 25. Qe3 Qb8 26. Rfd1 b5 27. cxb5 Rxc1 28. Rxc1 Bxb5 29. Be1 Bc6 30. Bb4 Rd8 31. Qd4 Qb7 32. Bc3 f6 33. Bb4 Kh8 34. Bg2 Qa8 35. Kh2 a5 36. Bc3 Rd7 37. Rc2 Bb7 38. Rd2 e5 39. fxe5 Nc6 40. Qb6 fxe5 41. Rf2 Qg8 42. Bf1 Rf7 43. Bc4 Rxf2+ 44. Qxf2 Qc8 45. Bd2 Nd4 46. Be3 Bxe4 47. Bxd4 exd4 48. Qxd4 Qf5 49. Be2 d5 50. b4 axb4 51. axb4 Qg5 52. Qc3 Qg6 53. Qd4 Qg5 54. Qc3 Qf5 55. Qd4 Qf8 56. b5 Qa3 57. b6 Qc1 58. Bd1 Qb1 59. g4 Qa2+ 60. Kg3 Qg2+ 61. Kh4 Kh7 62. Qe3 g5+ 63. Kh5 Qxh3+ 0-1

[Event "EU-ch (Women) 25th"]
[Site "Rhodes"]
[Date "2025.04.08"]
[Round "8"]
[White "Krasteva, Beloslava"]
[Black "Guichard, Pauline"]
[Result "1-0"]
[WhiteElo "2272"]
[BlackElo "2355"]
[PlyCount "79"]
[EventDate "2025.03.31"]
[EventType "swiss"]
[EventRounds "11"]
[EventCountry "GRE"]
[SourceTitle "CB16_2025"]
[SourceDate "2025.04.16"]
[SourceVersion "1"]
[SourceVersionDate "2025.04.16"]
[SourceQuality "1"]

1. d4 Nf6 2. c4 e6 3. Nc3 Bb4 4. e3 0-0 5. a3 Bxc3+ 6. bxc3 c5 7. Bd3 Nc6 8. Rb1 b6 9. e4 d5 10. cxd5 exd5 11. e5 Ne4 12. Ne2 f6 13. f3 Ng5 14. 0-0 Ne6 15. f4 f5 16. Be3 Rb8 17. Kh1 Kh8 18. Rg1 cxd4 19. cxd4 Ne7 20. Nc3 Bd7 21. Qb3 Bc6 22. Nb5 Bxb5 23. Bxb5 Rc8 24. Rgc1 Rxc1+ 25. Rxc1 g5 26. fxg5 f4 27. Bf2 Nf5 28. Bd3 f3 29. gxf3 Nfxd4 30. Bxd4 Nxd4 31. Qb4 Ne6 32. Qh4 Qe7 33. Qh6 Rg8 34. Qf6+ Qxf6 35. gxf6 Nc5 36. Bf5 Rg5 37. e6 Kg8 38. Bxh7+ Kf8 39. e7+ Ke8 40. Re1 1-0

[Event "EU-ch (Women) 25th"]
[Site "Rhodes"]
[Date "2025.04.07"]
[Round "7"]
[White "Guichard, Pauline"]
[Black "Ibrahimova, Sabina Oqtay"]
[Result "1/2-1/2"]
[WhiteElo "2355"]
[BlackElo "2199"]
[PlyCount "128"]
[EventDate "2025.03.31"]
[EventType "swiss"]
[EventRounds "11"]
[EventCountry "GRE"]
[SourceTitle "CB16_2025"]
[SourceDate "2025.04.16"]
[SourceVersion "1"]
[SourceVersionDate "2025.04.16"]
[SourceQuality "1"]

1. d4 d5 2. c4 e6 3. Nc3 c5 4. Nf3 Nf6 5. cxd5 cxd4 6. Qxd4 exd5 7. Bg5 Be7 8. e3 0-0 9. Be2 Nc6 10. Qd1 h6 11. Bh4 Be6 12. 0-0 Qb6 13. Bxf6 Bxf6 14. Nxd5 Bxd5 15. Qxd5 Qxb2 16. Bc4 Rad8 17. Qf5 Qc3 18. Rac1 Qa5 19. Qb1 Rb8 20. Rfd1 Rfd8 21. Rxd8+ Qxd8 22. Qb3 Qe7 23. Bd5 Ne5 24. Nxe5 Bxe5 25. a4 b6 26. Rc6 Rd8 27. g3 Bd6 28. e4 g6 29. Qc3 Kh7 30. Kg2 h5 31. h4 Be5 32. Qc4 Kg7 33. f4 Bd6 34. Qd4+ Kh7 35. Qc4 Kg7 36. Qd4+ Kh7 37. Qf2 Bc5 38. Qa2 Kg7 39. Qb2+ Kh7 40. Rf6 Rxd5 41. exd5 Qe4+ 42. Kh2 Bd4 43. Rxf7+ Kg8 44. Re7 Qxe7 45. Qxd4 Qe2+ 46. Kg1 Qe1+ 47. Kg2 Qe2+ 48. Qf2 Qe4+ 49. Qf3 Qc2+ 50. Kh1 Qc1+ 51. Kh2 Qc2+ 52. Qg2 Qxa4 53. d6 Qd7 54. Qd5+ Kg7 55. Kg2 Kf6 56. Kf2 b5 57. Qd4+ Kf7 58. Qd5+ Kf6 59. Qd4+ Kf7 60. Qd5+ Kf6 61. Qg5+ Kf7 62. Qd5+ Kf6 63. Qd4+ Kf7 64. Qd5+ Kf6 1/2-1/2

[Event "EU-ch (Women) 25th"]
[Site "Rhodes"]
[Date "2025.04.03"]
[Round "4"]
[White "Tsetskhladze, Mariam"]
[Black "Guichard, Pauline"]
[Result "0-1"]
[WhiteElo "2105"]
[BlackElo "2355"]
[PlyCount "120"]
[EventDate "2025.03.31"]
[EventType "swiss"]
[EventRounds "11"]
[EventCountry "GRE"]
[SourceTitle "CB16_2025"]
[SourceDate "2025.04.16"]
[SourceVersion "1"]
[SourceVersionDate "2025.04.16"]
[SourceQuality "1"]

1. e4 c6 2. Nc3 d5 3. Nf3 Bg4 4. h3 Bxf3 5. Qxf3 e6 6. Be2 Bc5 7. Qg3 Bd4 8. d3 Nd7 9. Be3 Be5 10. f4 Bf6 11. Bf2 d4 12. Nb1 Qa5+ 13. Nd2 e5 14. f5 Ne7 15. a3 c5 16. Rd1 b5 17. 0-0 Rc8 18. Qh2 Qa4 19. b3 Qa5 20. Nf3 h5 21. h4 Nc6 22. Bg3 Qc7 23. Rc1 Qd6 24. Rfd1 Nb6 25. Nd2 a5 26. Ra1 a4 27. Rdb1 Ra8 28. Kh1 Qe7 29. Bf1 axb3 30. cxb3 Ra6 31. Rc1 0-0 32. Ra2 Rfa8 33. Rac2 Nd7 34. Nb1 Na5 35. Nd2 Qd6 36. Be2 c4 37. bxc4 bxc4 38. Nxc4 Nxc4 39. Rxc4 Rxa3 40. Qg1 Qe7 41. Qe1 Kh7 42. Qf2 Ra2 43. Qf3 g6 44. Rc7 Kg7 45. Be1 Ra1 46. g3 Rxc1 47. Rxc1 Ra2 48. fxg6 fxg6 49. Bf1 Qe6 50. Qd1 Kh7 51. Rc7 Bg7 52. Qb1 Nf6 53. Rc2 Ra3 54. Bf2 Qa6 55. Qb8 Nxe4 56. Be1 Ra1 57. Re2 Qxd3 58. Qb2 Rb1 59. Qa2 Nxg3+ 60. Bxg3 Rxf1+ 0-1

[Event "EU-ch (Women) 25th"]
[Site "Rhodes"]
[Date "2025.04.02"]
[Round "3"]
[White "Guichard, Pauline"]
[Black "Nenova, Andzhelika"]
[Result "1/2-1/2"]
[WhiteElo "2355"]
[BlackElo "1980"]
[PlyCount "126"]
[EventDate "2025.03.31"]
[EventType "swiss"]
[EventRounds "11"]
[EventCountry "GRE"]
[SourceTitle "CB16_2025"]
[SourceDate "2025.04.16"]
[SourceVersion "1"]
[SourceVersionDate "2025.04.16"]
[SourceQuality "1"]

1. d4 Nf6 2. c4 c5 3. e3 e6 4. Nf3 d5 5. Nc3 Nc6 6. a3 a6 7. b3 Bd6 8. dxc5 Bxc5 9. Bb2 0-0 10. cxd5 exd5 11. Be2 Bg4 12. 0-0 Qd6 13. Ne1 Bf5 14. Nf3 Bg4 15. h3 Bh5 16. Nh4 Bg6 17. Nxg6 hxg6 18. b4 Bb6 19. Bf3 Rad8 20. Ne2 Ne4 21. Bxe4 dxe4 22. Ng3 Qxd1 23. Rfxd1 f5 24. Ne2 Rxd1+ 25. Rxd1 Rd8 26. Rxd8+ Bxd8 27. g4 Kf7 28. Kg2 Bf6 29. Bxf6 Kxf6 30. Kg3 Ne5 31. Nd4 b5 32. Nb3 Nc4 33. Nc5 Nxa3 34. Nxa6 Nc2 35. h4 Ke5 36. Nc7 Nxb4 37. Nxb5 Nd5 38. Na3 Nf6 39. g5 Nd5 40. Nc4+ Ke6 41. Na5 Kd6 42. Nb3 Ke6 43. Nd4+ Ke5 44. Ne2 Kd6 45. Kg2 Ke5 46. Kg3 Kd6 47. Nd4 Ke5 48. Nc6+ Kd6 49. Na5 Ke5 50. Nc4+ Ke6 51. f4 exf3 52. Kxf3 Nc3 53. Nb2 Nd5 54. Nd3 Ne7 55. Nf4+ Ke5 56. Kf2 Ke4 57. Ke2 Nd5 58. Nxg6 Nxe3 59. h5 Ng4 60. Kf1 f4 61. h6 gxh6 62. gxh6 Nxh6 63. Nxf4 Ke5 1/2-1/2

[Event "EU-ch (Women) 25th"]
[Site "Rhodes"]
[Date "2025.04.01"]
[Round "2"]
[White "Khachatryan, Anna"]
[Black "Guichard, Pauline"]
[Result "1-0"]
[WhiteElo "2091"]
[BlackElo "2355"]
[PlyCount "151"]
[EventDate "2025.03.31"]
[EventType "swiss"]
[EventRounds "11"]
[EventCountry "GRE"]
[SourceTitle "CB16_2025"]
[SourceDate "2025.04.16"]
[SourceVersion "1"]
[SourceVersionDate "2025.04.16"]
[SourceQuality "1"]

1. c4 c5 2. Nc3 Nf6 3. g3 d5 4. cxd5 Nxd5 5. Bg2 Nc7 6. d3 e5 7. Be3 Be7 8. Rc1 Nd7 9. Nf3 0-0 10. 0-0 Rb8 11. a4 b5 12. axb5 Nxb5 13. Qa4 Nd4 14. Qxa7 Bb7 15. Nd2 Bxg2 16. Kxg2 Rxb2 17. Nc4 Rb3 18. Bxd4 cxd4 19. Nd5 Bg5 20. Rb1 Qb8 21. Qxb8 Rfxb8 22. Rxb3 Rxb3 23. Ra1 Rb5 24. Ra8+ Nf8 25. Ndb6 g6 26. Nd7 Be7 27. Re8 Bb4 28. Nxf8 Bxf8 29. Rxe5 Rb8 30. Rd5 Bg7 31. g4 h6 32. Kf3 Kf8 33. Rd7 Ke8 34. Ra7 Rd8 35. h3 Bf6 36. Rc7 Kf8 37. Nb6 Rd6 38. Nd7+ Kg7 39. Nxf6 Rxf6+ 40. Kg2 Re6 41. Kf1 Rd6 42. Ke1 Rd5 43. Kf1 h5 44. Kg2 hxg4 45. hxg4 g5 46. Kf3 Rd6 47. Rc5 f6 48. Rc2 Re6 49. Rc7+ Kg6 50. Rd7 Ra6 51. Rxd4 Ra1 52. Rd7 Rh1 53. Ke3 Rh3+ 54. f3 Rh1 55. d4 Rd1 56. Ke4 Rd2 57. e3 Rd1 58. Ra7 Rd2 59. d5 Rd1 60. Ra4 Kf7 61. Rd4 Rf1 62. d6 Ke8 63. d7+ Kd8 64. f4 Rg1 65. Kf5 gxf4 66. exf4 Rg2 67. g5 fxg5 68. fxg5 Rf2+ 69. Kg6 Rg2 70. Kf6 Rf2+ 71. Kg7 Re2 72. g6 Rg2 73. Kf7 Rf2+ 74. Kg8 Rg2 75. g7 Rg1 76. Rd5 1-0

[Event "EU-ch (Women) 25th"]
[Site "Rhodes"]
[Date "2025.03.31"]
[Round "1"]
[White "Guichard, Pauline"]
[Black "Ter Avetisjana, Agnesa Stepania"]
[Result "1/2-1/2"]
[WhiteElo "2355"]
[BlackElo "2100"]
[PlyCount "72"]
[EventDate "2025.03.31"]
[EventType "swiss"]
[EventRounds "11"]
[EventCountry "GRE"]
[SourceTitle "CB16_2025"]
[SourceDate "2025.04.16"]
[SourceVersion "1"]
[SourceVersionDate "2025.04.16"]
[SourceQuality "1"]

1. d4 d5 2. c4 c6 3. Nf3 Nf6 4. Nbd2 Bf5 5. Nh4 Be4 6. Qb3 Qb6 7. f3 Qxb3 8. Nxb3 Bg6 9. cxd5 Nxd5 10. Nxg6 hxg6 11. e4 Nb4 12. Kf2 a5 13. Bd2 e5 14. dxe5 a4 15. Nd4 Bc5 16. Be3 a3 17. Rb1 Nd7 18. f4 g5 19. g3 gxf4 20. gxf4 g5 21. fxg5 Nxe5 22. Kg3 Nxa2 23. Nf5 Bxe3 24. Nxe3 b5 25. Ng4 Nxg4 26. Kxg4 Ra4 27. Bg2 0-0 28. Kf5 Kg7 29. e5 Rd8 30. Bxc6 Rdd4 31. Rhf1 Rd2 32. Bxb5 Ra5 33. bxa3 Nc3 34. a4 Nxb1 35. Rxb1 Rxh2 36. Rc1 Rf2+ 1/2-1/2

[Event "BL 2425 (Women)"]
[Site "Germany"]
[Date "2025.01.25"]
[Round "3.5"]
[White "Guichard, Pauline"]
[Black "Trunz, Michelle"]
[Result "1-0"]
[WhiteElo "2357"]
[BlackElo "2089"]
[PlyCount "67"]
[EventDate "2024.11.16"]
[EventType "team-tourn"]
[EventRounds "11"]
[EventCountry "GER"]
[SourceTitle "CB14_2025"]
[SourceDate "2024.11.01"]
[SourceVersion "1"]
[SourceVersionDate "2024.11.01"]
[SourceQuality "1"]
[WhiteTeam "Schwaebisch Hall (W)"]
[BlackTeam "Hemer (W)"]
[WhiteTeamCountry "GER"]
[BlackTeamCountry "GER"]

1. d4 d5 2. c4 c6 3. Nf3 Nf6 4. e3 Bg4 5. Qb3 Qb6 6. Ne5 dxc4 7. Bxc4 Qxb3 8. Bxb3 e6 9. Nc3 Bf5 10. f3 Nbd7 11. e4 Bg6 12. h4 Bd6 13. Bf4 Bxe5 14. dxe5 Nc5 15. 0-0-0 Nd5 16. Bxd5 exd5 17. Be3 Nxe4 18. fxe4 dxe4 19. h5 Bf5 20. Rdf1 Be6 21. Nxe4 Bxa2 22. Nd6+ Ke7 23. Nxb7 Bd5 24. Bg5+ Ke6 25. h6 Rhg8 26. hxg7 Rxg7 27. Bf6 Bxg2 28. Bxg7 Bxf1 29. Rxf1 Rg8 30. Bf6 Kd5 31. Rd1+ Kc4 32. Nd6+ Kb3 33. Rd3+ Kb4 34. Nxf7 1-0

[Event "EU-ch blitz (Women)"]
[Site "Monaco"]
[Date "2025.01.10"]
[Round "7"]
[White "Guichard, Pauline"]
[Black "Wagner, Dinara"]
[Result "0-1"]
[WhiteElo "2357"]
[BlackElo "2437"]
[PlyCount "60"]
[EventDate "2025.01.10"]
[EventType "swiss (blitz)"]
[EventRounds "13"]
[EventCountry "MNC"]
[SourceTitle "CB03_2025"]
[SourceDate "2025.01.15"]
[SourceVersion "1"]
[SourceVersionDate "2025.01.15"]
[SourceQuality "1"]

1. d4 Nf6 2. c4 e6 3. Nc3 Bb4 4. e3 0-0 5. Bd3 c5 6. Nf3 d5 7. cxd5 cxd4 8. exd4 exd5 9. 0-0 Bg4 10. h3 Bh5 11. Bg5 Bxc3 12. bxc3 Qd6 13. Rb1 b6 14. Re1 Nbd7 15. Re3 Rfe8 16. Qe2 Rxe3 17. Qxe3 Re8 18. Qd2 Bxf3 19. gxf3 h6 20. Bf4 Qe6 21. Kg2 Nh5 22. Bh2 Nf8 23. Qc2 Ng6 24. Bf5 Qf6 25. Bg4 Nhf4+ 26. Kh1 h5 27. Bd7 Re7 28. Qa4 Nd3 29. Rf1 Qxf3+ 30. Kg1 Ne1 0-1

[Event "EU-ch blitz (Women)"]
[Site "Monaco"]
[Date "2025.01.10"]
[Round "2"]
[White "Matnadze, Ana"]
[Black "Guichard, Pauline"]
[Result "1/2-1/2"]
[WhiteElo "2315"]
[BlackElo "2357"]
[PlyCount "203"]
[EventDate "2025.01.10"]
[EventType "swiss (blitz)"]
[EventRounds "13"]
[EventCountry "MNC"]
[SourceTitle "CB03_2025"]
[SourceDate "2025.01.15"]
[SourceVersion "1"]
[SourceVersionDate "2025.01.15"]
[SourceQuality "1"]

1. d4 Nf6 2. Nf3 d5 3. g3 e6 4. Bg2 c5 5. c4 cxd4 6. Nxd4 Bb4+ 7. Bd2 Bxd2+ 8. Nxd2 0-0 9. 0-0 e5 10. N4b3 Nc6 11. cxd5 Nxd5 12. Nc4 Nb6 13. Nd6 Qe7 14. Nxc8 Raxc8 15. e3 Rfd8 16. Qe2 Nb4 17. Be4 g6 18. a3 N4d5 19. Rac1 Nf6 20. Bg2 e4 21. Nd4 Rc5 22. b4 Rcc8 23. h3 Qe5 24. Qb5 Qxb5 25. Nxb5 Rxc1 26. Rxc1 a6 27. Nd4 Nbd5 28. Nb3 Kg7 29. Nc5 Rb8 30. Nxe4 Nb6 31. Nc5 Nbd5 32. Rd1 Nc3 33. Rd3 Nb5 34. Nxb7 Rc8 35. Nc5 a5 36. Bf1 axb4 37. axb4 Na7 38. Rc3 Rb8 39. Rb3 Nd5 40. b5 Nb6 41. Bg2 Nbc8 42. Bf1 Nb6 43. Ra3 Nac8 44. Na6 Ra8 45. Rd3 Kf6 46. Bg2 Ra7 47. Rc3 Rd7 48. Bc6 Rd1+ 49. Kg2 Rb1 50. Rd3 Ke7 51. Nc7 Nd6 52. Nd5+ Nxd5 53. Rxd5 f5 54. Re5+ Kf6 55. Rc5 Ke6 56. Bd5+ Kd7 57. Bc6+ Ke6 58. Rc2 Rb4 59. Rc5 Rb2 60. Kf1 h5 61. h4 Ke7 62. Kg2 Ke6 63. Bd5+ Kd7 64. Bc6+ Ke6 65. Rc1 Ke5 66. Rc5+ Ke6 67. Bf3 Rxb5 68. Rxb5 Nxb5 69. Be2 Nd6 70. Bd1 Ne4 71. Bb3+ Kf6 72. f3 Nc5 73. Ba2 Nd3 74. Kf1 Ne5 75. Ke2 Ke7 76. f4 Nd7 77. Kd3 Nc5+ 78. Ke2 Ne4 79. Kf3 Nd2+ 80. Kg2 Ne4 81. Bd5 Nd6 82. Kf3 Kf6 83. Ke2 Nb5 84. Kd3 Nd6 85. Bc6 Nf7 86. Kd4 Nh6 87. Bf3 Nf7 88. Kc5 Nh6 89. Kd5 Nf7 90. e4 fxe4 91. Bxe4 Nh6 92. Kd6 Ng4 93. Kd5 Ne3+ 94. Kd4 Nf1 95. Bd3 Nxg3 96. Ke3 Nf5+ 97. Bxf5 Kxf5 98. Kf3 Kf6 99. Ke4 Ke6 100. Ke3 Kf5 101. Kf3 Kf6 102. Ke4 1/2-1/2

[Event "Wch Rapid (Women)"]
[Site "New York"]
[Date "2024.12.28"]
[Round "9"]
[White "Guichard, Pauline"]
[Black "Mamedjarova, Turkan"]
[Result "1-0"]
[WhiteElo "2316"]
[BlackElo "2109"]
[PlyCount "51"]
[EventDate "2024.12.26"]
[EventType "swiss (rapid)"]
[EventRounds "11"]
[EventCountry "USA"]
[SourceTitle "CB01_2025"]
[SourceDate "2025.01.01"]
[SourceVersion "1"]
[SourceVersionDate "2025.01.01"]
[SourceQuality "1"]

1. d4 d5 2. c4 e6 3. Nc3 Nf6 4. Nf3 c6 5. e3 Bd6 6. Bd3 0-0 7. 0-0 dxc4 8. Bxc4 b5 9. Bd3 Nbd7 10. Qc2 e5 11. Ne4 Qc7 12. Nxd6 Qxd6 13. dxe5 Nxe5 14. Nxe5 Qxe5 15. Qxc6 Bd7 16. Qc3 Qh5 17. e4 Rfd8 18. Bf4 Rac8 19. Qb3 Be6 20. Qxb5 Rc5 21. Qa6 Ra5 22. Qb7 Ne8 23. Rad1 Qg6 24. Bb5 Bh3 25. Bg3 Bc8 26. Rxd8 1-0

[Event "Wch Rapid (Women)"]
[Site "New York"]
[Date "2024.12.27"]
[Round "8"]
[White "Guichard, Pauline"]
[Black "Ouellet, Maili Jade"]
[Result "1/2-1/2"]
[WhiteElo "2316"]
[BlackElo "2149"]
[PlyCount "116"]
[EventDate "2024.12.26"]
[EventType "swiss (rapid)"]
[EventRounds "11"]
[EventCountry "USA"]
[SourceTitle "CB01_2025"]
[SourceDate "2025.01.01"]
[SourceVersion "1"]
[SourceVersionDate "2025.01.01"]
[SourceQuality "1"]

1. d4 Nf6 2. c4 e6 3. Nc3 Bb4 4. e3 0-0 5. Bd3 d5 6. a3 dxc4 7. Bxc4 Be7 8. Nf3 c5 9. 0-0 a6 10. dxc5 Bxc5 11. Qe2 b5 12. Ba2 Bb7 13. e4 Nbd7 14. e5 Bxf3 15. gxf3 Ne8 16. Rd1 Qc7 17. Bf4 g6 18. Rac1 Qb7 19. Ne4 Be7 20. Qc2 Nb6 21. Qc6 Rb8 22. Nf6+ Nxf6 23. exf6 Bxf6 24. Bxb8 Rxb8 25. b4 Kg7 26. Rc2 Qa7 27. Kg2 Be5 28. Qe4 Bf6 29. Rdc1 Rb7 30. Rc6 Rd7 31. R1c2 Na4 32. Qf4 Qa8 33. Rc8 Qa7 34. R8c7 Rxc7 35. Qxc7 Qxc7 36. Rxc7 Kf8 37. Ra7 Bb2 38. Rxa6 Bxa3 39. Ra5 Bxb4 40. Rxb5 Bd6 41. Bb3 Nc5 42. Bc4 Nd7 43. Rb7 Ne5 44. Bb5 g5 45. Ra7 Ng6 46. Ba4 Nh4+ 47. Kh1 Nxf3 48. Bd1 Ne5 49. Kg2 Ng6 50. Kf3 Bxh2 51. Kg4 Bf4 52. Bb3 Ne5+ 53. Kh5 g4 54. Bd1 Kg7 55. Bxg4 Nxg4 56. Kxg4 Be5 57. f4 Bc3 58. f5 exf5+ 1/2-1/2

[Event "Wch Rapid (Women)"]
[Site "New York"]
[Date "2024.12.26"]
[Round "3"]
[White "Sultanbek, Zeinep"]
[Black "Guichard, Pauline"]
[Result "1/2-1/2"]
[WhiteElo "2001"]
[BlackElo "2316"]
[PlyCount "117"]
[EventDate "2024.12.26"]
[EventType "swiss (rapid)"]
[EventRounds "11"]
[EventCountry "USA"]
[SourceTitle "CB01_2025"]
[SourceDate "2025.01.01"]
[SourceVersion "1"]
[SourceVersionDate "2025.01.01"]
[SourceQuality "1"]

1. Nf3 Nf6 2. g3 c5 3. Bg2 Nc6 4. d4 cxd4 5. Nxd4 e5 6. Nxc6 dxc6 7. Qxd8+ Kxd8 8. Nc3 Bf5 9. e4 Be6 10. Bg5 Kc7 11. f4 Bc5 12. h3 Nh5 13. f5 Bc4 14. Bh4 f6 15. Bf3 Bf7 16. Bxh5 Bxh5 17. g4 Bf7 18. Bf2 Bb4 19. 0-0 Bxc3 20. bxc3 h5 21. Kg2 hxg4 22. hxg4 Bc4 23. Rh1 Rxh1 24. Rxh1 Bxa2 25. Ra1 Bc4 26. Bxa7 Kc8 27. Ra5 Be2 28. Kg3 Bd1 29. Bb6 Ra6 30. Rxa6 bxa6 31. Bc5 a5 32. g5 fxg5 33. Bd6 Bxc2 34. Kf3 Bd1+ 35. Ke3 a4 36. c4 Bb3 37. c5 Bf7 38. Bxe5 g6 39. Bf6 g4 40. Bb2 gxf5 41. exf5 Kb7 42. Kf4 Ka6 43. Kxg4 Kb5 44. Ba3 Kc4 45. Kf4 Kb3 46. Bc1 a3 47. Be3 a2 48. Bd4 Kc4 49. Ke5 Bd5 50. f6 Bf7 51. Ke4 Be8 52. Ke3 Bg6 53. Ba1 Kxc5 54. Kd2 Kb4 55. Kc1 Kb3 56. Kd2 c5 57. Bc3 c4 58. Be5 Bf7 59. Bd4 1/2-1/2

[Event "Olympiad Women-45"]
[Site "Budapest"]
[Date "2024.09.18"]
[Round "7.3"]
[White "Matnadze, Ana"]
[Black "Guichard, Pauline"]
[Result "0-1"]
[WhiteElo "2338"]
[BlackElo "2374"]
[PlyCount "150"]
[EventDate "2024.09.11"]
[EventType "team-swiss"]
[EventRounds "11"]
[EventCountry "HUN"]
[SourceTitle "EXT 2025"]
[Source "ChessBase"]
[SourceDate "2024.10.14"]
[SourceVersion "1"]
[SourceVersionDate "2024.10.14"]
[SourceQuality "1"]
[WhiteTeam "Spain (W)"]
[BlackTeam "France (W)"]
[WhiteTeamCountry "ESP"]
[BlackTeamCountry "FRA"]

1. Nf3 Nf6 2. b3 d5 3. Bb2 c5 4. g3 Nc6 5. Bg2 Bg4 6. h3 Bh5 7. 0-0 e6 8. d3 Be7 9. Nbd2 Qc7 10. a3 0-0 11. Qe1 Rfd8 12. e4 dxe4 13. dxe4 Nd4 14. Rc1 Bxf3 15. Nxf3 Nxf3+ 16. Bxf3 c4 17. bxc4 Qxc4 18. e5 Nd5 19. Be2 Qc6 20. Bd3 Nb6 21. Qe2 Rac8 22. Rb1 Nc4 23. Bc1 b6 24. Rb3 Qc5 25. a4 Na5 26. Rb5 Qc7 27. h4 Rd4 28. f4 Nc6 29. f5 Bc5 30. Be3 Qxe5 31. Bxd4 Qxe2 32. Bxe2 Nxd4 33. Kg2 Nxe2 34. fxe6 fxe6 35. Rb3 Nd4 36. Rd3 Nxc2 37. Rc1 Nb4 38. Rd7 a5 39. h5 Rf8 40. Re1 Rf6 41. Rd8+ Kf7 42. Rd7+ Be7 43. Rc1 Nd5 44. Rb7 h6 45. Ra1 Rf5 46. g4 Rf4 47. Kg3 Kf6 48. Rxb6 Rxg4+ 49. Kxg4 Nxb6 50. Kf4 Bb4 51. Ke4 Bc3 52. Ra3 Nd5 53. Ra2 Kg5 54. Rh2 Nf6+ 55. Kd3 Bb4 56. Rg2+ Ng4 57. Ke4 Kxh5 58. Kf4 g5+ 59. Ke4 Nf6+ 60. Ke5 Nd5 61. Rh2+ Kg6 62. Kxe6 Nc3 63. Rf2 g4 64. Ke5 Kg5 65. Rf5+ Kh4 66. Kf4 Nxa4 67. Rd5 Nc5 68. Rd6 h5 69. Rd1 Ne6+ 70. Kf5 Ng5 71. Rd4 Nf3 72. Re4 Kh3 73. Rf4 Bd2 74. Ra4 g3 75. Ra3 g2 0-1